[Event "Chess.com Bullet op2"]
[Site "Chess.com INT"]
[Date "2020.12.19"]
[Round "9"]
[White "Rameshbabu Praggnanandhaa"]
[Black "Grigoriy Oparin"]
[Result "1-0"]
[EventDate "?"]
[WhiteElo "2608"]
[BlackElo "2652"]
[Source "chessbites.com; date by Chess Assistant 21"]
[PlyCount "120"]

1. Nf3 Nf6 2. g3 e6 3. Bg2 d5 4. O-O c5 5. d3 Nc6 6. Nbd2 Be7 7. e4 Qc7 8. Re1 b6 9. c3 Bb7 10. e5 Nd7 11. d4 a5 12. h4 a4 13. Nf1 h6 14. Bf4 Na5 15. h5 Nc4 16. Rb1 a3 17. b3 Nb2 18. Qd2 Ba6 19. Ne3 Nd3 20. Nxd5 exd5 21. e6 Nxf4 22. exd7+ Qxd7 23. Qxf4 O-O 24. Ne5 Qd6 25. c4 cxd4 26. Bxd5 Rae8 27. Rbd1 Bg5 28. Qxd4 Qf6 29. f4 Bc8 30. fxg5 Qxg5 31. Qf4 Qxf4 32. gxf4 Be6 33. Bxe6 Rxe6 34. Kf2 Rfe8 35. Kf3 f6 36. Nd3 Rxe1 37. Rxe1 Rd8 38. Nb4 Rd2 39. Re2 Rd1 40. Nd5 Rf1+ 41. Ke3 Rb1 42. Nxb6 Rh1 43. Nd5 Rxh5 44. Kd4 Kf7 45. c5 Rh1 46. Rc2 Rd1+ 47. Kc4 f5 48. Nc3 Rd8 49. c6 g5 50. Kc5 Rc8 51. Nb5 g4 52. Nd6+ Kg6 53. Nxc8 g3 54. Nd6 Kh5 55. c7 Kg4 56. c8=Q Kf3 57. Qxf5 g2 58. Qd3+ Kxf4 59. Rxg2 h5 60. Qe4# 1-0

[Event "Chess.com Bullet op2"]
[Site "Chess.com INT"]
[Date "2020.12.19"]
[Round "12"]
[White "Rameshbabu Praggnanandhaa"]
[Black "Olexandr Bortnyk"]
[Result "1-0"]
[EventDate "?"]
[WhiteElo "2608"]
[BlackElo "2598"]
[Source "chessbites.com; date by Chess Assistant 21"]
[PlyCount "106"]

1. Nf3 d6 2. g3 e5 3. Bg2 g6 4. O-O Bg7 5. d4 Nc6 6. dxe5 dxe5 7. Qxd8+ Nxd8 8. Nc3 c6 9. Ne4 Be6 10. Nd6+ Ke7 11. Rd1 f6 12. b3 Kf8 13. Ba3 Ne7 14. Nd2 Rb8 15. N2e4 h6 16. Nc5 b6 17. Na6 Ra8 18. Nc7 Rb8 19. Rd2 c5 20. Na6 Ndc6 21. Nxb8 Nxb8 22. Rad1 Nbc6 23. Nb5 Kf7 24. Nd6+ Kf8 25. Bb2 h5 26. f4 exf4 27. gxf4 f5 28. Bxg7+ Kxg7 29. Nc4 Nd4 30. e3 Nb5 31. Re1 Nc3 32. Rd6 Bxc4 33. bxc4 Kf7 34. e4 Nxe4 35. Bxe4 fxe4 36. Rxe4 Nf5 37. Rd7+ Kf6 38. Rxa7 Nd4 39. Ra6 Nf5 40. Rxb6+ Kg7 41. Rb7+ Kh6 42. Re5 Nd4 43. Rb6 Nxc2 44. f5 Rg8 45. Rxg6+ Rxg6+ 46. fxg6 Kxg6 47. Rxc5 Nd4 48. Rd5 Nf3+ 49. Kg2 Nh4+ 50. Kg3 Nf5+ 51. Rxf5 Kxf5 52. Kh4 Kg6 53. a4 1-0

[Event "Chess.com Bullet op2"]
[Site "Chess.com INT"]
[Date "2020.12.19"]
[Round "15"]
[White "Rameshbabu Praggnanandhaa"]
[Black "Mohammad Nubairshah Shaikh"]
[Result "1-0"]
[EventDate "?"]
[WhiteElo "2608"]
[BlackElo "2445"]
[Source "chessbites.com; date by Chess Assistant 21"]
[PlyCount "122"]

1. Nf3 Nf6 2. g3 g6 3. Bg2 Bg7 4. O-O O-O 5. d3 d6 6. Nbd2 c5 7. e4 Nc6 8. Re1 Rb8 9. c3 b5 10. d4 cxd4 11. cxd4 e6 12. e5 dxe5 13. dxe5 Nd5 14. Nb3 a5 15. Bg5 Qb6 16. Rc1 Ba6 17. Nc5 Rfc8 18. Nd7 Qb7 19. Nf6+ Kh8 20. Nxd5 exd5 21. Qxd5 Nb4 22. Qxb7 Bxb7 23. Rxc8+ Rxc8 24. a3 Nd3 25. Re2 Bxf3 26. Bxf3 Nxe5 27. Be4 h6 28. Bf4 Nc4 29. Bd5 g5 30. Bc1 Nb6 31. Bxf7 Rxc1+ 32. Kg2 Bd4 33. h4 Kg7 34. Bh5 Rb1 35. Re6 Nc4 36. Rg6+ Kf8 37. hxg5 Rxb2 38. gxh6 Rxf2+ 39. Kh3 Rf1 40. Kg2 Rg1+ 41. Kh2 Ne5 42. Rf6+ Ke7 43. Rf5 Re1 44. h7 Nd7 45. Rf7+ Kd6 46. Bg4 Nc5 47. Rf8 Ra1 48. Rd8+ Kc7 49. Rxd4 Ra2+ 50. Kh3 Nb3 51. h8=Q Nxd4 52. Qxd4 Rxa3 53. Qc5+ Kb7 54. Qxb5+ Kc7 55. Qc5+ Kb7 56. Qxa3 Ka6 57. Bd1 a4 58. Bxa4 Kb6 59. Qb3+ Kc7 60. Qb5 Kd8 61. Qd7# 1-0

[Event "Chess.com Bullet op2"]
[Site "Chess.com INT"]
[Date "2020.12.19"]
[Round "17"]
[White "Alan Pichot"]
[Black "Rameshbabu Praggnanandhaa"]
[Result "0-1"]
[EventDate "?"]
[WhiteElo "2630"]
[BlackElo "2608"]
[Source "chessbites.com; date by Chess Assistant 21"]
[PlyCount "118"]

1. e4 c5 2. Nf3 e6 3. d4 cxd4 4. Nxd4 a6 5. Nc3 b5 6. Bd3 Bb7 7. O-O Nc6 8. Nxc6 Bxc6 9. Qe2 Bc5 10. Be3 Bxe3 11. Qxe3 Ne7 12. a4 b4 13. Ne2 O-O 14. Nd4 a5 15. b3 Qc7 16. Rae1 e5 17. Nf3 f6 18. Nd2 d5 19. exd5 Nxd5 20. Bc4 Kh8 21. Qg3 Nf4 22. f3 Rad8 23. Qf2 Rd4 24. Kh1 Rfd8 25. Ne4 Bxe4 26. fxe4 Rd2 27. Qf3 Rxg2 28. Rg1 Rdd2 29. Rxg2 Rxg2 30. Rd1 g6 31. Qe3 Kg7 32. Qf3 Qa7 33. h3 Rf2 34. Qg3 Rg2 35. Qf3 Rxc2 36. h4 Rc3 37. Qg4 Qf2 38. Be6 Rh3+ 39. Qxh3 Nxh3 40. Rd7+ Kh6 41. Bxh3 Qxh4 42. Kg2 Qxe4+ 43. Kh2 Qf4+ 44. Kh1 e4 45. Bg2 Qh4+ 46. Kg1 e3 47. Re7 Qf2+ 48. Kh2 e2 49. Re3 Qh4+ 50. Kg1 e1=Q+ 51. Rxe1 Qxe1+ 52. Kh2 Qe3 53. Bf3 f5 54. Kg2 f4 55. Bg4 Kg5 56. Bf3 Kh4 57. Kh2 Qxf3 58. Kg1 Qe2 59. Kh1 Kg3 0-1

[Event "Chess.com Bullet op1"]
[Site "Chess.com INT"]
[Date "2020.12.19"]
[Round "6"]
[White "Samuel Sevian"]
[Black "Rameshbabu Praggnanandhaa"]
[Result "1-0"]
[EventDate "?"]
[WhiteElo "2660"]
[BlackElo "2608"]
[Source "chessbites.com; date by Chess Assistant 21"]
[PlyCount "174"]

1. e4 c5 2. d3 Nc6 3. f4 g6 4. g3 Bg7 5. Bg2 e6 6. Nf3 Nge7 7. O-O O-O 8. c3 d6 9. Be3 b6 10. Nbd2 Ba6 11. Qc2 Rc8 12. Rae1 Nd4 13. Qb1 Nxf3+ 14. Nxf3 d5 15. e5 d4 16. cxd4 Nf5 17. Bf2 c4 18. g4 Ne7 19. Rd1 cxd3 20. Rfe1 Nd5 21. Bh4 Qd7 22. Bg3 Rc2 23. Bf1 Rfc8 24. Rxd3 Bxd3 25. Bxd3 R2c7 26. a3 Bh6 27. f5 Bf4 28. fxg6 fxg6 29. Rf1 Qg7 30. Bxf4 Nxf4 31. Ng5 Rf8 32. Ne4 Nxd3 33. Nf6+ Kh8 34. Qxd3 Rfc8 35. Qe3 g5 36. d5 exd5 37. e6 Rf8 38. Nxd5 Rxf1+ 39. Kxf1 Rc8 40. e7 Qf7+ 41. Kg1 Qxd5 42. e8=Q+ Rxe8 43. Qxe8+ Kg7 44. Qe7+ Kg6 45. Qe2 Qd4+ 46. Kf1 h6 47. Qe6+ Kg7 48. Qe7+ Kg6 49. Qe8+ Kg7 50. Qe2 Qf4+ 51. Kg2 Qd4 52. h3 Qd6 53. Qe4 Qf6 54. Qb7+ Kg6 55. Qe4+ Kg7 56. Qe2 Qc6+ 57. Kf2 Qf6+ 58. Ke1 Qd6 59. Qe4 Qg3+ 60. Ke2 Qxh3 61. Qe7+ Kg6 62. Qe6+ Kg7 63. Qd7+ Kg6 64. Qc6+ Kg7 65. Qb7+ Kg6 66. Qd7 Qg2+ 67. Ke3 Qg3+ 68. Ke2 Qf4 69. Qe6+ Qf6 70. Qe8+ Kg7 71. Qe4 Qf7 72. Qe5+ Qf6 73. Qe4 Qf7 74. b4 Qf6 75. Qb7+ Qf7 76. Qc6 Qf6 77. Qc7+ Qf7 78. Qc3+ Qf6 79. Qe3 Qf7 80. Qd4+ Qf6 81. Qe4 Qf7 82. a4 Qf6 83. a5 h5 84. a6 Kh6 85. Qb7 hxg4 86. b5 g3 87. Kd3 1-0

[Event "Chess.com Bullet op1"]
[Site "Chess.com INT"]
[Date "2020.12.19"]
[Round "14"]
[White "Vladimir Fedoseev"]
[Black "Rameshbabu Praggnanandhaa"]
[Result "1-0"]
[EventDate "?"]
[WhiteElo "2674"]
[BlackElo "2608"]
[Source "chessbites.com; date by Chess Assistant 21"]
[PlyCount "110"]

1. g3 c5 2. Bg2 Nc6 3. e4 g6 4. Nc3 Bg7 5. Nge2 d6 6. O-O h5 7. h3 Nf6 8. d3 h4 9. g4 Nxg4 10. hxg4 Bxg4 11. f3 Be6 12. Rf2 h3 13. Bf1 Nd4 14. Be3 Rc8 15. Nf4 Bd7 16. Rh2 Be5 17. Rxh3 Bxh3 18. Nxh3 Qd7 19. Nf2 Qe6 20. f4 Bg7 21. Nd5 Kd7 22. c3 Nc6 23. Qf3 Rcf8 24. Bg2 f5 25. Re1 Kd8 26. Qg3 fxe4 27. dxe4 g5 28. f5 Qh6 29. Bxg5 Qh5 30. Nf4 Be5 31. Nxh5 Bxg3 32. Nxg3 Ne5 33. Bf4 Kc7 34. Bxe5 dxe5 35. Nd3 Rhg8 36. Kf2 Rg7 37. Nxe5 Rfg8 38. Ng6 e6 39. Bf3 exf5 40. exf5 Rf7 41. Re6 Rd8 42. Ke3 Rfd7 43. Be4 Rd2 44. Re7+ Kc8 45. Rxb7 Rh2 46. Rxa7 Rdd2 47. f6 Rd1 48. f7 Re1+ 49. Kf4 Rf2+ 50. Bf3 Rxf3+ 51. Kxf3 Kb8 52. Rd7 Kc8 53. Re7 Rf1+ 54. Nxf1 c4 55. f8=Q# 1-0

[Event "Chess.com Bullet op1"]
[Site "Chess.com INT"]
[Date "2020.12.19"]
[Round "17"]
[White "Jeffery Xiong"]
[Black "Rameshbabu Praggnanandhaa"]
[Result "1-0"]
[EventDate "?"]
[WhiteElo "2709"]
[BlackElo "2608"]
[Source "chessbites.com; date by Chess Assistant 21"]
[PlyCount "88"]

1. e4 c5 2. Nf3 e6 3. g3 Nc6 4. Bg2 Nf6 5. Qe2 e5 6. O-O Be7 7. c3 O-O 8. Na3 Re8 9. Nc4 Bf8 10. d3 d5 11. exd5 Nxd5 12. Bg5 f6 13. Bd2 Be6 14. a4 Bf7 15. Rfd1 Qd7 16. a5 Rad8 17. a6 b6 18. Ne1 Qc7 19. Nc2 g6 20. N2a3 Bg7 21. Nb5 Qd7 22. Ne3 f5 23. Nxd5 Bxd5 24. Bxd5+ Qxd5 25. Nc7 Qd7 26. Nxe8 Rxe8 27. Qf3 e4 28. dxe4 fxe4 29. Qg2 Qf5 30. Bf4 g5 31. Bd6 h5 32. Rd2 h4 33. gxh4 gxh4 34. Rad1 Re6 35. Rd5 Ne5 36. Bxe5 Rg6 37. Bg3 Qe6 38. Rd6 Qg4 39. Rxg6 Qxd1+ 40. Qf1 Qxf1+ 41. Kxf1 hxg3 42. hxg3 Kf7 43. Rc6 Be5 44. Rxb6 1-0

[Event "Chess.com Bullet op1"]
[Site "Chess.com INT"]
[Date "2020.12.19"]
[Round "19"]
[White "Rameshbabu Praggnanandhaa"]
[Black "Daniel Naroditsky"]
[Result "0-1"]
[EventDate "?"]
[WhiteElo "2608"]
[BlackElo "2621"]
[Source "chessbites.com; date by Chess Assistant 21"]
[PlyCount "146"]

1. Nf3 Nf6 2. b3 g6 3. Bb2 Bg7 4. g3 O-O 5. Bg2 d5 6. c4 c6 7. O-O Bg4 8. d3 Nbd7 9. Nbd2 Re8 10. h3 Bxf3 11. Nxf3 e5 12. cxd5 cxd5 13. Nd2 a5 14. Rc1 Qb6 15. Rc2 a4 16. bxa4 Rxa4 17. Qb1 Rea8 18. Bc3 Qd6 19. e4 d4 20. Bb2 b5 21. Rfc1 Bh6 22. Rd1 Rxa2 23. Nb3 Qb4 24. Bc1 Bxc1 25. Rxa2 Rxa2 26. Qxa2 Bh6 27. Rb1 Nc5 28. Nxc5 Qxc5 29. Qb3 Qc3 30. Bf3 b4 31. Kg2 Bf8 32. Bd1 Nd7 33. Qxc3 dxc3 34. Bc2 Bc5 35. Kf3 Nb8 36. Ke2 Nc6 37. Kd1 Nd4 38. f4 f6 39. fxe5 fxe5 40. Ra1 b3 41. Ra8+ Kg7 42. Bxb3 Nxb3 43. Kc2 Nd4+ 44. Kxc3 Ne2+ 45. Kc4 Bd4 46. g4 Nf4 47. Rd8 Nxh3 48. Rd7+ Kh6 49. Re7 Nf2 50. g5+ Kxg5 51. Rxh7 Ng4 52. Rf7 Nf6 53. Kb3 Nh5 54. Kc2 Nf4 55. Kd2 Kg4 56. Ke1 g5 57. Kf1 Kf3 58. Rg7 g4 59. Ke1 g3 60. Kd1 g2 61. Kc2 g1=Q 62. Rxg1 Bxg1 63. Kc3 Bd4+ 64. Kc4 Ke3 65. Kb3 Kxd3 66. Kb4 Kxe4 67. Kb5 Kd3 68. Kc6 e4 69. Kd7 e3 70. Ke7 e2 71. Kf7 e1=Q 72. Kg8 Qe6+ 73. Kh7 Qf7+ 0-1

[Event "Chess.com Bullet op1"]
[Site "Chess.com INT"]
[Date "2020.12.19"]
[Round "20"]
[White "Raunak Sadhwani"]
[Black "Rameshbabu Praggnanandhaa"]
[Result "1-0"]
[EventDate "?"]
[WhiteElo "2545"]
[BlackElo "2608"]
[Source "chessbites.com; date by Chess Assistant 21"]
[PlyCount "114"]

1. Nf3 Nf6 2. g3 g6 3. Bg2 Bg7 4. O-O O-O 5. c4 d6 6. d4 Nbd7 7. Nc3 e5 8. e4 b6 9. dxe5 dxe5 10. Qe2 Bb7 11. Rd1 c6 12. Nxe5 Qc7 13. Nxd7 Nxd7 14. f4 Rfe8 15. Qc2 Nc5 16. e5 f6 17. Be3 fxe5 18. Bxc5 bxc5 19. f5 e4 20. fxg6 Bd4+ 21. Kh1 hxg6 22. Bxe4 Bc8 23. Bxg6 Rf8 24. Be4 Kg7 25. Rf1 Be6 26. b3 Qe5 27. Rxf8 Rxf8 28. Rc1 Bxc3 29. Qxc3 Qxc3 30. Rxc3 Rf2 31. Rc2 Rf1+ 32. Kg2 Re1 33. Bxc6 Bf5 34. Rf2 Bd3 35. Bf3 Kg6 36. h4 Rb1 37. Bd5 Kh6 38. Kh2 Rd1 39. g4 Re1 40. Rf6+ Kg7 41. Rf7+ Kg6 42. Rf2 Ra1 43. g5 Bb1 44. Rf6+ Kg7 45. h5 Rxa2+ 46. Kg3 Bg6 47. Rxg6+ Kf8 48. Rf6+ Ke7 49. h6 a5 50. Re6+ Kd7 51. h7 Ra1 52. h8=Q Rg1+ 53. Kf4 Rf1+ 54. Ke5 Rf7 55. Qe8+ Kc7 56. Qxf7+ Kc8 57. Re8# 1-0

[Event "Chess.com Bullet op2"]
[Site "Chess.com INT"]
[Date "2020.12.19"]
[Round "2"]
[White "Przemyslaw Piotrowski"]
[Black "Rameshbabu Praggnanandhaa"]
[Result "1-0"]
[EventDate "?"]
[WhiteElo "2241"]
[BlackElo "2608"]
[Source "chessbites.com; date by Chess Assistant 21"]
[PlyCount "132"]

1. d4 Nf6 2. Nf3 g6 3. g3 Bg7 4. Bg2 O-O 5. O-O d6 6. c4 Nbd7 7. Nc3 e5 8. b3 exd4 9. Nxd4 a5 10. Bb2 Nc5 11. h3 Re8 12. Re1 a4 13. Qc2 Qe7 14. b4 a3 15. Bc1 Nce4 16. Nxe4 Nxe4 17. Be3 c5 18. bxc5 dxc5 19. Nb5 Bd7 20. Rad1 Bc6 21. Bf4 Red8 22. Nc7 Rac8 23. Nd5 Bxd5 24. cxd5 Nc3 25. Rd3 Nb5 26. Rb1 Nd6 27. Bxd6 Rxd6 28. e4 b6 29. Kh2 g5 30. Qd2 Be5 31. f4 gxf4 32. gxf4 Qg5 33. Rf1 Rf6 34. fxe5 Qxd2 35. Rxd2 Rg6 36. d6 c4 37. Rf6 Rg5 38. d7 Rd8 39. e6 fxe6 40. Rxe6 Kf7 41. Rc6 Rc5 42. Rxc5 bxc5 43. h4 Ke6 44. Bh3+ Ke5 45. Rd5+ Kxe4 46. Rxc5 Kd4 47. Rc8 Rxd7 48. Bxd7 Kc3 49. Be6 h5 50. Bxc4 Kb2 51. Kg3 Ka1 52. Kf4 Kb2 53. Bb3 Ka1 54. Kg5 Kb2 55. Kxh5 Ka1 56. Kg5 Kb2 57. Kf4 Kb1 58. Ke3 Kb2 59. Kd2 Kb1 60. h5 Kb2 61. Rc2+ Kb1 62. h6 Ka1 63. h7 Kb1 64. Bc4 Ka1 65. h8=Q+ Kb1 66. Qh1# 1-0

[Event "Chess.com Bullet op2"]
[Site "Chess.com INT"]
[Date "2020.12.19"]
[Round "3"]
[White "Rameshbabu Praggnanandhaa"]
[Black "Aaravamudhan Balaji"]
[Result "0-1"]
[EventDate "?"]
[WhiteElo "2608"]
[BlackElo "2206"]
[Source "chessbites.com; date by Chess Assistant 21"]
[PlyCount "150"]

1. Nf3 g6 2. g3 Bg7 3. Bg2 d6 4. O-O Nf6 5. d4 O-O 6. c4 Nbd7 7. Nc3 e5 8. e4 exd4 9. Nxd4 Nc5 10. h3 a5 11. Re1 Bd7 12. Qc2 Re8 13. Be3 Rb8 14. Rad1 a4 15. Kh2 h5 16. f4 Qc8 17. Bg1 c6 18. Kh1 Qc7 19. Kh2 b5 20. cxb5 cxb5 21. a3 Ne6 22. Nxe6 Bxe6 23. f5 Bb3 24. Qf2 Bxd1 25. Rxd1 Rbd8 26. Kh1 g5 27. Qd2 Nh7 28. Nd5 Qc4 29. Rc1 Qb3 30. Bd4 Be5 31. Bxe5 dxe5 32. Rc3 Qa2 33. f6 Kh8 34. Qe2 g4 35. hxg4 Rg8 36. Qd2 Rxg4 37. Kh2 Qb1 38. Bf3 Rg5 39. Rc7 Rdg8 40. Rxf7 Rxg3 41. Qf2 Qg1+ 42. Qxg1 Rxg1 43. Ne7 Rf1 44. Nxg8 Kxg8 45. Bxh5 Rxf6 46. Rd7 Rf2+ 47. Kg3 Rxb2 48. Rd8+ Kg7 49. Kh4 Kh6 50. Rd6+ Kg7 51. Rd7+ Kg8 52. Bg6 Nf6 53. Rd8+ Kg7 54. Bf5 Rh2+ 55. Kg5 Rg2+ 56. Kh4 Rh2+ 57. Kg3 Rh1 58. Rb8 Rg1+ 59. Kf2 Rc1 60. Rb7+ Kh6 61. Rxb5 Kg5 62. Ke3 Rc2 63. Kd3 Rc3+ 64. Kxc3 Ng4 65. Kb4 Nf2 66. Rb6 Kf4 67. Rg6 Nd3+ 68. Kxa4 Ne1 69. Kb5 Ke3 70. Rg4 Nc2 71. Rg3+ Kd2 72. Re3 Kc1 73. Rd3 Kb2 74. Rc3 Kb1 75. Rxc2 Kxc2 0-1

[Event "Chess.com Bullet op2"]
[Site "Chess.com INT"]
[Date "2020.12.19"]
[Round "14"]
[White "Rameshbabu Praggnanandhaa"]
[Black "Raunak Sadhwani"]
[Result "0-1"]
[EventDate "?"]
[WhiteElo "2608"]
[BlackElo "2545"]
[Source "chessbites.com; date by Chess Assistant 21"]
[PlyCount "132"]

1. Nf3 g6 2. g3 Bg7 3. Bg2 Nf6 4. O-O O-O 5. c4 d6 6. Nc3 Nc6 7. d3 e5 8. Rb1 a5 9. b3 Be6 10. e4 h6 11. Be3 Qd7 12. Nd5 Kh7 13. Qc1 Bxd5 14. cxd5 Ne7 15. d4 exd4 16. Nxd4 c5 17. dxc6 Nxc6 18. Nxc6 bxc6 19. h3 Rac8 20. Rd1 Rfe8 21. Qc2 Qe6 22. Bf4 d5 23. exd5 Nxd5 24. Bd2 Nb4 25. Bxb4 axb4 26. Re1 Qxe1+ 27. Rxe1 Rxe1+ 28. Kh2 c5 29. Qc4 Rc7 30. Bd5 Ree7 31. Kg2 Bd4 32. h4 h5 33. Qd3 Kg7 34. Bc4 Re5 35. f4 Re3 36. Qf1 Rce7 37. f5 Re1 38. Qf3 R1e3 39. Qf4 Bf6 40. fxg6 fxg6 41. g4 R3e4 42. Qd6 Rxg4+ 43. Kf3 Rxh4 44. Qxc5 Rhe4 45. Bd5 R4e5 46. Qd6 Rf5+ 47. Kg2 Rg5+ 48. Kf3 Rge5 49. Kg2 Rf5 50. Bf7 Rxf7 51. Qxb4 Rg5+ 52. Kf3 Rf5+ 53. Ke4 Be5 54. Kd3 Rf3+ 55. Kc2 Rf2+ 56. Kd1 Rf1+ 57. Ke2 R7f2+ 58. Ke3 Rf3+ 59. Ke4 R1f2 60. Kd5 Rf5 61. Ke6 Bf4 62. Qe7+ Kh6 63. Qf8+ Rxf8 64. Ke7 Bg5+ 65. Ke6 Re2+ 66. Kd5 Rxa2 0-1

[Event "Chess.com Bullet op2"]
[Site "Chess.com INT"]
[Date "2020.12.19"]
[Round "18"]
[White "Rameshbabu Praggnanandhaa"]
[Black "Andrew Tang"]
[Result "0-1"]
[EventDate "?"]
[WhiteElo "2608"]
[BlackElo "2538"]
[Source "chessbites.com; date by Chess Assistant 21"]
[PlyCount "112"]

1. Nf3 d5 2. g3 Bg4 3. Bg2 Nd7 4. d4 c6 5. c4 e6 6. O-O Bd6 7. h3 Bh5 8. Nc3 Ne7 9. e4 O-O 10. cxd5 cxd5 11. e5 Bc7 12. Ne2 Bb6 13. Nf4 Bxf3 14. Bxf3 Nf5 15. Ne2 f6 16. Bf4 Qe7 17. Bg4 fxe5 18. dxe5 Rf7 19. Nc3 Raf8 20. Qd3 Nc5 21. Qd2 Ne4 22. Nxe4 dxe4 23. Kh2 Nd4 24. Kg2 Qc5 25. Rac1 Qb5 26. Be3 Nf3 27. Qc3 Bxe3 28. Qxe3 Qxe5 29. Rc5 Qd6 30. Rfc1 Nd2 31. Rc8 g6 32. Rxf8+ Rxf8 33. Qxa7 Nf3 34. Qe3 Qd5 35. Rd1 Qe5 36. Re1 Ng5 37. h4 Nf3 38. Bxf3 Rxf3 39. Kg1 Rxe3 40. Rxe3 Qxb2 41. Kg2 Qxa2 42. Kh3 Qd5 43. h5 b5 44. Kg2 b4 45. h6 b3 46. Rc3 e3+ 47. Kh3 Qh1+ 48. Kg4 Qh5+ 49. Kf4 Qf5+ 50. Kxe3 Qe5+ 51. Kd3 Qd5+ 52. Ke2 b2 53. Re3 Qc4+ 54. Kf3 b1=Q 55. Kg2 Qf5 56. Re5 Qc6+ 0-1

[Event "Chess.com Bullet op2"]
[Site "Chess.com INT"]
[Date "2020.12.19"]
[Round "20"]
[White "Martinez Alcantara, Jose Eduardo"]
[Black "Rameshbabu Praggnanandhaa"]
[Result "1-0"]
[EventDate "?"]
[WhiteElo "2620"]
[BlackElo "2608"]
[Source "chessbites.com; date by Chess Assistant 21"]
[PlyCount "128"]

1. e4 c5 2. Nf3 e6 3. Bc4 a6 4. d3 b5 5. Bb3 Bb7 6. a3 d6 7. O-O Nd7 8. Nc3 Ngf6 9. Bf4 Be7 10. Re1 O-O 11. Qd2 e5 12. Bg5 Rc8 13. h3 c4 14. Ba2 Nc5 15. Bxf6 Bxf6 16. dxc4 bxc4 17. Qe2 Ne6 18. Bxc4 Nf4 19. Qf1 d5 20. Bxd5 Bxd5 21. Nxd5 Nxd5 22. Red1 Rxc2 23. Rxd5 Qb6 24. b4 Rfc8 25. Rad1 h6 26. R5d2 R2c3 27. Rd3 Rc2 28. g3 Qc6 29. Qe1 Qc4 30. Kg2 Qa2 31. R1d2 Rxd2 32. Qxd2 Rc2 33. Qe3 h5 34. Rd2 g6 35. h4 Kg7 36. Qd3 Rxd2 37. Nxd2 Be7 38. Nf3 a5 39. bxa5 Bxa3 40. a6 Bc5 41. Qd2 Qxa6 42. Nxe5 Qe6 43. Qc3 Be7 44. Nf3+ Bf6 45. Qe3 Be7 46. e5 Kg8 47. Qe4 Kg7 48. Qa8 Qxe5 49. Nxe5 Bf6 50. Nd7 Be7 51. Qa6 f6 52. Qd3 Kf7 53. f4 Kg7 54. f5 g5 55. Nb6 gxh4 56. Qd7 Kh6 57. Qxe7 h3+ 58. Kf3 h2 59. Qxf6+ Kh7 60. Qg6+ Kh8 61. Kg2 h1=Q+ 62. Kxh1 h4 63. f6 h3 64. Qg7# 1-0

[Event "Titled Tuesday intern op 15st Dec"]
[Site "Chess.com INT"]
[Date "2020.12.15"]
[Round "1"]
[White "Rameshbabu Praggnanandhaa"]
[Black "Anastasia Avramidou"]
[Result "1-0"]
[EventDate "?"]
[WhiteElo "2608"]
[BlackElo "2238"]
[Source "chessbites.com"]
[PlyCount "40"]

1. Nf3 Nf6 2. g3 g6 3. b3 Bg7 4. Bb2 O-O 5. Bg2 d6 6. d4 b5 7. Ne5 dxe5 8. Bxa8 c6 9. dxe5 Nd5 10. Bd4 Nb6 11. a4 bxa4 12. Bxb6 Qxb6 13. Rxa4 Bxe5 14. Qd2 Rd8 15. Qa5 Bf5 16. Qxe5 Bxc2 17. O-O Bxb3 18. Ra1 Bd5 19. Nc3 Be6 20. Rfb1 1-0

[Event "Titled Tuesday intern op 15st Dec"]
[Site "Chess.com INT"]
[Date "2020.12.15"]
[Round "2"]
[White "Ramil Sadykov"]
[Black "Rameshbabu Praggnanandhaa"]
[Result "0-1"]
[EventDate "?"]
[WhiteElo "2345"]
[BlackElo "2608"]
[Source "chessbites.com"]
[PlyCount "70"]

1. e4 c5 2. Nf3 e6 3. d4 cxd4 4. Nxd4 a6 5. Nc3 b5 6. Bd3 Bb7 7. O-O Nc6 8. Nf3 Qb8 9. Re1 Bd6 10. Bg5 Nge7 11. Bh4 Ng6 12. Bg3 Bxg3 13. hxg3 h5 14. Nh4 Nce5 15. a4 Nxh4 16. gxh4 Ng4 17. g3 b4 18. Na2 a5 19. c3 Bc6 20. cxb4 axb4 21. b3 Ra5 22. Qd2 g5 23. Qxb4 Qa7 24. Re2 gxh4 25. gxh4 Rg8 26. Qd6 Nxf2+ 27. Kh2 Ng4+ 28. Kh3 Nf2+ 29. Kh2 f5 30. Rf1 Nxd3 31. Qxd3 Bxe4 32. Rxe4 fxe4 33. Qxe4 Qb8+ 34. Kh1 Qxb3 35. Qf4 Qh3+ 0-1

[Event "Titled Tuesday intern op 15st Dec"]
[Site "Chess.com INT"]
[Date "2020.12.15"]
[Round "3"]
[White "Rameshbabu Praggnanandhaa"]
[Black "Evgeniy Najer"]
[Result "1-0"]
[EventDate "?"]
[WhiteElo "2608"]
[BlackElo "2648"]
[Source "chessbites.com"]
[PlyCount "104"]

1. e4 c6 2. Nc3 d5 3. Nf3 Bg4 4. h3 Bxf3 5. Qxf3 Nf6 6. Be2 e6 7. O-O Bc5 8. Rd1 d4 9. e5 dxc3 10. exf6 Qxf6 11. Qxf6 gxf6 12. bxc3 Nd7 13. Rb1 b6 14. d4 Bd6 15. Ba6 Rb8 16. c4 h5 17. Rb3 Ke7 18. a4 h4 19. Bb2 Rh5 20. Bc3 Rg5 21. Bd2 Rg6 22. Be1 Rbg8 23. Bb7 Rxg2+ 24. Kf1 Rg1+ 25. Ke2 c5 26. Rbd3 Bc7 27. Bc6 cxd4 28. Rxd4 Nc5 29. Rd7+ Nxd7 30. Rxd7+ Kf8 31. Rxc7 R1g5 32. Rxa7 Kg7 33. Bc3 Rc8 34. Bb5 Rd8 35. Rb7 Rd6 36. Bb4 Re5+ 37. Kf3 Rd1 38. Rxb6 Rf5+ 39. Ke2 Rc1 40. Bd2 Rxc2 41. Rd6 Ra2 42. f3 Re5+ 43. Kd1 Rf5 44. Bc6 Rc5 45. Bb5 Rf5 46. Rd3 Re5 47. f4 Re4 48. Be3 e5 49. f5 Rh2 50. Bd2 Rd4 51. Rxd4 exd4 52. c5 1-0

[Event "Titled Tuesday intern op 15th Dec"]
[Site "Chess.com INT"]
[Date "2020.12.15"]
[Round "5"]
[White "Rameshbabu Praggnanandhaa"]
[Black "Alexander Donchenko"]
[Result "1-0"]
[EventDate "?"]
[WhiteElo "2608"]
[BlackElo "2668"]
[Source "chessbites.com"]
[PlyCount "78"]

1. Nf3 Nf6 2. g3 b5 3. Bg2 Bb7 4. O-O e6 5. d3 c5 6. e4 d6 7. a4 b4 8. a5 Be7 9. Nbd2 O-O 10. Nc4 Nbd7 11. Bf4 e5 12. Bg5 h6 13. Bxf6 Nxf6 14. Nh4 Bc8 15. Ne3 h5 16. Nhf5 g6 17. Nxe7+ Qxe7 18. f4 Kg7 19. Qd2 Be6 20. f5 Bd7 21. Rf2 Bc6 22. Raf1 Qc7 23. Nd5 Bxd5 24. exd5 Qxa5 25. Qg5 Qd8 26. Bh3 Nxd5 27. f6+ Kh7 28. Bg2 Nc7 29. Be4 Rh8 30. Qxh5+ Kg8 31. Qg4 Qc8 32. Bf5 Ne6 33. Bxg6 fxg6 34. Qxg6+ Kf8 35. Rf5 Qd7 36. f7 Nd4 37. Rh5 Rxh5 38. Qg8+ Ke7 39. f8=Q+ 1-0

[Event "Titled Tuesday intern op 15th Dec"]
[Site "Chess.com INT"]
[Date "2020.12.15"]
[Round "7"]
[White "Rameshbabu Praggnanandhaa"]
[Black "Iturrizaga Bonelli, Eduardo"]
[Result "1-0"]
[EventDate "?"]
[WhiteElo "2608"]
[BlackElo "2607"]
[Source "chessbites.com"]
[PlyCount "106"]

1. e4 c5 2. Nf3 Nc6 3. Bb5 g6 4. Bxc6 dxc6 5. d3 Bg7 6. a4 a5 7. h3 Qc7 8. O-O b6 9. Nc3 e5 10. Nd2 Be6 11. b3 Ne7 12. Nc4 O-O 13. Bb2 f5 14. exf5 gxf5 15. Qd2 Ng6 16. Rae1 Rad8 17. Qc1 Rde8 18. f3 Bf6 19. Ne2 b5 20. Nd2 Bg5 21. f4 Bh6 22. fxe5 bxa4 23. bxa4 c4 24. Kh1 cxd3 25. cxd3 Bd5 26. Qc2 Nh4 27. Nf3 Nxf3 28. gxf3 Re6 29. Nc3 Qd7 30. Nxd5 cxd5 31. d4 Bg7 32. Rg1 Rh6 33. Kh2 f4 34. Rg4 Kh8 35. Reg1 Rc8 36. Qg2 Rg8 37. Ba3 Qc7 38. Bc5 Qf7 39. Bd6 Re6 40. Rg5 Rh6 41. Qg4 Qb7 42. Rg2 Qf7 43. Bc5 Rg6 44. Rxg6 Qxg6 45. Qxg6 hxg6 46. Rxg6 Rb8 47. h4 Rb3 48. Kg2 Re3 49. h5 Kh7 50. e6 Bh6 51. e7 Bg7 52. Rc6 Bh6 53. Rc8 1-0

[Event "Titled Tuesday intern op 15th Dec"]
[Site "Chess.com INT"]
[Date "2020.12.15"]
[Round "10"]
[White "Rameshbabu Praggnanandhaa"]
[Black "Denes Boros"]
[Result "1-0"]
[EventDate "?"]
[WhiteElo "2608"]
[BlackElo "2429"]
[Source "chessbites.com"]
[PlyCount "116"]

1. e4 g6 2. d4 d5 3. exd5 Qxd5 4. Nc3 Qd6 5. Nf3 Bg7 6. Bc4 Nh6 7. h3 Nf5 8. d5 e5 9. O-O O-O 10. Ne4 Qb4 11. b3 Nd6 12. Nfd2 b5 13. Bd3 Qd4 14. Rb1 Nxe4 15. Bxe4 f5 16. Bb2 Qc5 17. Bf3 e4 18. Be2 Bxb2 19. Rxb2 Qxd5 20. c4 Qd4 21. Rc2 b4 22. c5 Nc6 23. Bc4+ Kg7 24. Qe2 a5 25. Bb5 Bb7 26. Nc4 Rfd8 27. Ne3 Qe5 28. Bxc6 Bxc6 29. Rd2 Bb5 30. Qxb5 Rxd2 31. Nc4 Qd4 32. Qb7 Rd1 33. Qxc7+ Kg8 34. Rxd1 Qxd1+ 35. Kh2 Qd8 36. Qe5 Qf8 37. Nd6 h6 38. c6 Ra7 39. Qd5+ Kh7 40. Nb5 Qb8+ 41. Kg1 Rg7 42. Nd4 Qc8 43. Ne6 Re7 44. Nd4 e3 45. fxe3 Qe8 46. Kf2 Rxe3 47. Qd7+ Re7 48. Qxe8 Rxe8 49. c7 Rc8 50. Nb5 Kg7 51. Ke3 Kf6 52. Kd4 f4 53. Kd5 Kf5 54. Nd6+ Kg5 55. Nxc8 Kh4 56. Nd6 Kg3 57. c8=Q Kxg2 58. Qg4+ 1-0